000 00814nam a2200241Ia 4500
003 OSt
005 20220923213145.0
006 a|||||r|||| 00| 0
007 ta
008 220922b |||||||| |||| 00| 0 hin d
024 _a159,349
037 _cTextual
040 _aARTS
_cARTS
_bhin
041 _2hin
_ahin
082 _aO152,1:gN(P), J1
100 _aचतुर्वेदी, वृजकिशोर
245 0 _aआधुनिक कविता की भाषा खंड 1,2 भाग 1,2,3
246 _aĀdhunik kavitā kī bhāṣhā khanḍa 1,2 bhāg 1,2,3
260 _c1951
650 _aहिन्दी साहित्य
_9156264
942 _hO152,1:gN(P), J1
_cTEXL
_2CC
999 _c314096
_d314096